Influencia de varias formulaciones de suavizantes sobre las propiedades impartidas al algodn̤ por un acabado de fc̀il cuidado

En las recetas para el acabado de fc̀il cuidado con resinas se suele aądir un suavizante para mejorar el tacto del tejido.En este trabajo se determina la influencia de varios suavizantes de diferente naturaleza qum̕ica, aplicados en una formulacin̤ de acabado de fc̀il cuidado con una resina reactan...

Descripció completa

Guardat en:
Dades bibliogràfiques
Altres autors: Riva A., Hertes S., Prieto R., Instituto de Investigacin̤ Textil y de Cooperacin̤ Industrial (INTERTEX)
Format: Llibre
Idioma:espanyol
Matèries:
Accés en línia:Influencia de varias formulaciones de suavizantes sobre las propiedades impartidas al algodn̤ por un acabado de fc̀il cuidado
Etiquetes: Afegir etiqueta
Sense etiquetes, Sigues el primer a etiquetar aquest registre!

MARC

LEADER 00000nam a22000004a 4500
001 vpro1756
005 20201223000000.0
008 120822s2007 ck # g## #001 0#spa#d
020
022 |a 1886-4856 
040 |a CO-BoINGC 
041 0 |a spa 
245 1 0 |a Influencia de varias formulaciones de suavizantes sobre las propiedades impartidas al algodn̤ por un acabado de fc̀il cuidado 
246 |a Influence of the formulation of various softeners on the properties of cotton for an easy-care finish 
264 |a Bogot ̀(Colombia) :  |b Revista VirtualPRO,  |c 2007 
520 3 |a En las recetas para el acabado de fc̀il cuidado con resinas se suele aądir un suavizante para mejorar el tacto del tejido.En este trabajo se determina la influencia de varios suavizantes de diferente naturaleza qum̕ica, aplicados en una formulacin̤ de acabado de fc̀il cuidado con una resina reactante libre de formaldehido, sobre los siguientes parm̀etros:- Estabilidad dimensional, efecto inarrugable, resistencia a la traccin̤, a la abrasin̤, humectabilidad, rigidez a la flexin̤ y retencin̤ de cloro. 
650 \ \ |a Algodn̤ 
650 \ \ |a Cotton 
650 \ \ |a Fibras de algodn̤ 
650 \ \ |a Acabados 
650 \ \ |a Resinas 
650 \ \ |a Suavizantes 
650 \ \ |a Cotton fibers 
650 \ \ |a Finishes 
650 \ \ |a Resins 
650 \ \ |a Softeners  
700 \ \ |a Riva A. 
700 \ \ |a Hertes S. 
700 \ \ |a Prieto R.  
700 \ \ |a Instituto de Investigacin̤ Textil y de Cooperacin̤ Industrial (INTERTEX) 
856 |z Influencia de varias formulaciones de suavizantes sobre las propiedades impartidas al algodn̤ por un acabado de fc̀il cuidado  |u https://virtualpro.unach.elogim.com/biblioteca/influencia-de-varias-formulaciones-de-suavizantes-sobre-las-propiedades-impartidas-al-algodon-por-un-acabado-de-facil-cuidado